| 000 | 02449nam0a2200577 4500 | ||
|---|---|---|---|
| 001 | RU\NLR\bibl\1371391 | ||
| 005 | 20250615190616.0 | ||
| 010 |
_a978-5-7925-0303-8 _9150 |
||
| 021 |
_aRU _b2009-22666 _91341 |
||
| 035 | _a(nilc)RSL-KNO-004268312 | ||
| 035 | _a1VIL\RUSMED\0000137964 | ||
| 035 | _aEL/0000259202 | ||
| 035 | _a(NLR Aleph) 001363523 | ||
| 090 |
_a996363 _c996363 |
||
| 100 | _a20090318d2009 |||y0rusy50 ca | ||
| 101 | 0 |
_arus _atib |
|
| 102 | _aRU | ||
| 105 | _ay ||||||||| | ||
| 200 | 1 |
_aПодходы тибетской медицины к лечению онкологических заболеваний _fА.А. Кособуров |
|
| 210 |
_aУлан-Удэ _cИзд-во Бурятского научного центра СО РАН _d2009 |
||
| 215 |
_a159 с. _d29 |
||
| 300 | _aПарал. загл. на тибет. яз. | ||
| 300 | _aНа обл. авт. не указан | ||
| 300 | _aЧасть текста на тибет. яз. | ||
| 320 | _aБиблиогр.: с. 156-157 (48 назв.) | ||
| 320 | _aУказ. тибет. прописей и сырья: с. 150-155 | ||
| 606 | 1 |
_aНОВООБРАЗОВАНИЯ _xтерапия _2rus_mesh _3R9540-29.1 |
|
| 606 | 1 |
_aNEOPLASMS _xtherapy _2rus_mesh _3E9540-29.1 |
|
| 606 | 1 |
_aМЕДИЦИНА ТИБЕТСКАЯ ТРАДИЦИОННАЯ _xметоды _2rus_mesh _3R49480-4.1 |
|
| 606 | 1 |
_aMEDICINE, TIBETAN TRADITIONAL _xmethods _2rus_mesh _3E49480-4.1 |
|
| 606 | 1 |
_aОпухоли _jПопулярные издания _xТерапия методами тибетской медицины _92582639 _3RU\NLR\auth\661526655 |
|
| 686 |
_aР359.15,07 _2rubbk |
||
| 686 |
_a76.29.49 _2rugasnti |
||
| 686 |
_a76.35.49 _2rugasnti |
||
| 686 |
_aC04 - терапия _v2009 _2MESH |
||
| 686 |
_aC04 - therapy _v2009 _2MESH |
||
| 686 |
_aE02.190.488.660.800 - методы _v2009 _2MESH |
||
| 686 |
_aI01.076.201.450.654.660.800 - методы _v2009 _2MESH |
||
| 686 |
_aE02.190.488.660.800 - methods _v2009 _2MESH |
||
| 686 |
_aI01.076.201.450.654.660.800 - methods _v2009 _2MESH |
||
| 686 | _aР56-5я9 | ||
| 700 | 1 |
_aКособуров _bА. А. _gАндрей Александрович _4070 |
|
| 801 | 0 |
_aRU _bРГБ _c20090318 _grcr |
|
| 801 | 1 |
_aRU _bРГБ _c20090318 |
|
| 801 | 2 |
_aRU _bЦНМБ _c20090327 |
|
| 801 | 2 |
_aRU _bNLR _c20090519 _grcr |
|
| 830 | _aавт. по кн. | ||
| 942 | _cBOOK | ||
| 980 | _aNB | ||
| 980 | _aNBR | ||